<?xml version="1.0" encoding="UTF-8"?>
<record
    xmlns:xsi="http://www.w3.org/2001/XMLSchema-instance"
    xsi:schemaLocation="http://www.loc.gov/MARC21/slim http://www.loc.gov/standards/marcxml/schema/MARC21slim.xsd"
    xmlns="http://www.loc.gov/MARC21/slim">

  <leader>02156nam a2200385 a 4500</leader>
  <controlfield tag="001">000013480</controlfield>
  <controlfield tag="003">DO-SdBNP</controlfield>
  <controlfield tag="005">20250502073819.0</controlfield>
  <controlfield tag="007">ta</controlfield>
  <controlfield tag="008">091125s1985    dr            001 0 spa d</controlfield>
  <datafield tag="040" ind1=" " ind2=" ">
    <subfield code="a">DO-SdBNP</subfield>
    <subfield code="b">spa</subfield>
    <subfield code="c">BNPHU</subfield>
  </datafield>
  <datafield tag="082" ind1=" " ind2="4">
    <subfield code="a">347.7293013</subfield>
    <subfield code="b">R426L, 1985</subfield>
    <subfield code="2">22</subfield>
  </datafield>
  <datafield tag="110" ind1="1" ind2=" ">
    <subfield code="a">Rep&#xFA;blica Dominicana.</subfield>
    <subfield code="b">Oficina Nacional de Administraci&#xF3;n y Personal </subfield>
    <subfield code="9">26398</subfield>
  </datafield>
  <datafield tag="240" ind1="1" ind2="0">
    <subfield code="a">[Leyes, etc.]</subfield>
  </datafield>
  <datafield tag="245" ind1="1" ind2="0">
    <subfield code="a">Ley de organizaci&#xF3;n judicial :</subfield>
    <subfield code="b">Ap&#xE9;ndice : Ley que crea el Colegio de Abogados de la Rep&#xFA;blica; estatuto org&#xE1;nico, y c&#xF3;digo de &#xE9;tica del Colegio de Abogado de la Rep&#xFA;blica Dominicana; Reglamentos del Colegio de Abogados relativos a : seguro de vida; servicios m&#xE9;dicos; plan de retiro, pensiones y auxilios especiales /</subfield>
    <subfield code="c">presentaci&#xF3;n Manuel Berges Chupani.</subfield>
  </datafield>
  <datafield tag="250" ind1=" " ind2=" ">
    <subfield code="a">2a. ed.</subfield>
  </datafield>
  <datafield tag="260" ind1=" " ind2=" ">
    <subfield code="a">Santo Domingo :</subfield>
    <subfield code="b">ONAP,</subfield>
    <subfield code="c">1985.</subfield>
  </datafield>
  <datafield tag="300" ind1=" " ind2=" ">
    <subfield code="a">183 p. ;</subfield>
    <subfield code="c">22 cm.</subfield>
  </datafield>
  <datafield tag="490" ind1="1" ind2=" ">
    <subfield code="a">Leyes y c&#xF3;digos dominicanos</subfield>
    <subfield code="v"> 3</subfield>
  </datafield>
  <datafield tag="490" ind1="1" ind2=" ">
    <subfield code="a">ONAP</subfield>
  </datafield>
  <datafield tag="500" ind1=" " ind2=" ">
    <subfield code="a">Ap&#xE9;ndice : Ley que crea el Colegio de Abogados de la Rep&#xFA;blica; estatuto org&#xE1;nico, y c&#xF3;digo de &#xE9;tica del Colegio de Abogado de la Rep&#xFA;blica Dominicana; reglamentos del Colegio de Abogados relativos a : seguro de Vida; Servicios m&#xE9;dicos; plan de retiro, pensiones y auxilios especiales.</subfield>
  </datafield>
  <datafield tag="500" ind1=" " ind2=" ">
    <subfield code="a">Titulo en el lomo: Ley de organizaci&#xF3;n judicial y ap&#xE9;ndice.</subfield>
  </datafield>
  <datafield tag="500" ind1=" " ind2=" ">
    <subfield code="a">"Ap&#xE9;ndice: Ley que crea el Colegio de Abogados de la Rep&#xFA;blica,    Estatuto org&#xE1;nico y C&#xF3;digo de &#xE9;tica del Colegio de Abogados de la Rep&#xFA;blica Dominicana ; Reglamentos del Colegio de Abogados relativos a: Seguro de vida; Servicios m&#xE9;dicos; Pan de retiro, Pensiones y Auxilios especiales&#xA8;.</subfield>
  </datafield>
  <datafield tag="590" ind1=" " ind2=" ">
    <subfield code="a">Inventariado, 2022/MFF</subfield>
  </datafield>
  <datafield tag="650" ind1=" " ind2="4">
    <subfield code="a">Legislacion judicial</subfield>
    <subfield code="9">30795</subfield>
  </datafield>
  <datafield tag="650" ind1=" " ind2="4">
    <subfield code="a">Poder judicial</subfield>
    <subfield code="x">Legislaci&#xF3;n</subfield>
    <subfield code="9">30796</subfield>
  </datafield>
  <datafield tag="651" ind1=" " ind2="4">
    <subfield code="a">Rep&#xFA;blica Dominicana</subfield>
    <subfield code="x">Leyes</subfield>
    <subfield code="9">16541</subfield>
  </datafield>
  <datafield tag="651" ind1=" " ind2="4">
    <subfield code="a">Rep&#xFA;blica Dominicana</subfield>
    <subfield code="x">Ley 821</subfield>
    <subfield code="9">30801</subfield>
  </datafield>
  <datafield tag="700" ind1="1" ind2=" ">
    <subfield code="a">Berg&#xE9;s Chupani, Manuel</subfield>
    <subfield code="9">8440</subfield>
  </datafield>
  <datafield tag="740" ind1="0" ind2=" ">
    <subfield code="a">Ley de organizaci&#xF3;n judicial y ap&#xE9;ndice.</subfield>
  </datafield>
  <datafield tag="830" ind1=" " ind2="0">
    <subfield code="a">leyes y c&#xF3;digos dominicanos</subfield>
    <subfield code="v">3</subfield>
    <subfield code="9">30802</subfield>
  </datafield>
  <datafield tag="830" ind1=" " ind2=" ">
    <subfield code="a">ONAP</subfield>
    <subfield code="9">10860</subfield>
  </datafield>
  <datafield tag="910" ind1=" " ind2=" ">
    <subfield code="a">Validado. Control de calidad</subfield>
  </datafield>
  <datafield tag="942" ind1=" " ind2=" ">
    <subfield code="2">ddc</subfield>
    <subfield code="c">LBS1</subfield>
  </datafield>
  <datafield tag="952" ind1=" " ind2=" ">
    <subfield code="0">0</subfield>
    <subfield code="1">0</subfield>
    <subfield code="2">ddc</subfield>
    <subfield code="5">1</subfield>
    <subfield code="7">0</subfield>
    <subfield code="8">PD</subfield>
    <subfield code="a">BNPHU</subfield>
    <subfield code="b">BNPHU</subfield>
    <subfield code="c">HD</subfield>
    <subfield code="d">2009-11-25</subfield>
    <subfield code="o">BNPHU PD 347.013 R426L 1985</subfield>
    <subfield code="p">13480-10</subfield>
    <subfield code="r">2020-06-25</subfield>
    <subfield code="w">2020-06-25</subfield>
    <subfield code="y">LBS1</subfield>
  </datafield>
  <datafield tag="999" ind1=" " ind2=" ">
    <subfield code="c">13104</subfield>
    <subfield code="d">13104</subfield>
  </datafield>
</record>
